| Record ID | ia:curiousgeorgesar00hrey |
| Source | Internet Archive |
| Download MARC XML | https://archive.org/download/curiousgeorgesar00hrey/curiousgeorgesar00hrey_marc.xml |
| Download MARC binary | https://www.archive.org/download/curiousgeorgesar00hrey/curiousgeorgesar00hrey_meta.mrc |
LEADER: 02492cam 2200637 a 4500
001 ocm38560710
003 OCoLC
005 20160131154140.0
008 980106s1998 maua b 000 1 eng d
010 $a 97074214
040 $aCtMan$beng$cMCP$dDLC$dIDO$dBAKER$dBTCTA$dYDXCP$dOCLCG$dJBO$dOCLCQ$dVVW$dBDX$dCDS$dNZROP$dOCLCO$dOCLCF$dOCLCQ$dOCLCO
019 $a50011245$a704462952
020 $a0395899249$q(board)
020 $a9780395899243$q(board)
020 $a0618097708
020 $a9780618097708
035 $a(OCoLC)38560710$z(OCoLC)50011245$z(OCoLC)704462952
042 $alccopycat$alcac
050 00 $aPZ7$b.C9223 1998
050 14 $aJP
082 04 $a[E]$221
245 00 $aCurious George's are you curious? /$cillustrations by H.A. Rey.
246 30 $aAre you curious?
260 $aBoston, Mass. :$bHoughton Mifflin,$c℗♭1998.
300 $a16 unnumbered pages :$bcolor illustrations ;$c14 cm.
336 $atext$btxt$2rdacontent
337 $aunmediated$bn$2rdamedia
338 $avolume$bnc$2rdacarrier
490 1 $aCurious George
500 $aOn board pages.
520 $aCurious George illustrates a variety of emotions and states of being, including happy, proud, dizzy, naughty, silly, and, of course, curious.
650 0 $aMonkeys$vJuvenile fiction.
650 0 $aCuriosity$vJuvenile fiction.
650 0 $aEmotions$vJuvenile fiction.
650 1 $aMonkeys$vFiction.
650 1 $aEmotions$vFiction.
650 7 $aCuriosity.$2fast$0(OCoLC)fst00885290
650 7 $aEmotions.$2fast$0(OCoLC)fst00908819
650 7 $aMonkeys.$2fast$0(OCoLC)fst01025486
655 04 $aBoard books.
655 7 $aFiction.$2fast$0(OCoLC)fst01423787
655 7 $aJuvenile works.$2fast$0(OCoLC)fst01411637
700 1 $aRey, H. A.$q(Hans Augusto),$d1898-1977,$eillustrator.
830 0 $aCurious George.
856 42 $3Contributor biographical information$uhttp://catdir.loc.gov/catdir/enhancements/fy0736/97074214-b.html
856 42 $3Publisher description$uhttp://catdir.loc.gov/catdir/description/hm022/97074214.html
938 $aBaker & Taylor$bBKTY$c5.95$d4.46$i0395899249$n0003081731$sactive
938 $aBrodart$bBROD$n51419742$c$5.95
938 $aBaker and Taylor$bBTCP$n97074214$c$5.95
938 $aYBP Library Services$bYANK$n1468839
029 1 $aAU@$b000014340772
029 1 $aNZ1$b12903342
029 1 $aNZ1$b13582576
029 1 $aYDXCP$b1468839
994 $aZ0$bPMR
948 $hNO HOLDINGS IN PMR - 568 OTHER HOLDINGS